| 000 | 00751nam a2200181Ia 4500 | ||
|---|---|---|---|
| 008 | 151018s9999 xx 000 0 und d | ||
| 082 |
_bRBASDV44114 _a294.59 |
||
| 100 | _aजयंती विश्वनाथ सहस्त्रबुद्धे | ||
| 245 | _aनाम जपाचे महत्व | ||
| 250 | _b1 | ||
| 260 |
_bमनोरमा प्रकाशन मुंबई _c2006 |
||
| 300 | _a184 | ||
| 600 | _aजयंती विश्वनाथ सहस्त्रबुद्धे | ||
| 630 | _aनाम जपाचे महत्व | ||
| 700 | _aजयंती विश्वनाथ सहस्त्रबुद्धे | ||
| 730 | _aनाम जपाचे महत्व | ||
| 942 | _cBOOK | ||
| 999 |
_c1043312 _d1043309 |
||